000 00945cam a2200253 i 4500
001 53900
003 Mx-PuUPA
005 20220722133153.0
008 140415s2004 mx a gr 000 0 spa d
040 _aMx-PuUPA
_bspa
_cMx-PuUPA
_dMx-PuUPA
_erda
041 0 _aspa
245 0 0 _aNayarit ... destino para invertir /
_ccoordinadores de la edición, Carlos Hernández Ibarría [y otros dos] ; redacción, Gabriel Díaz Garcilazo
264 _aMéxico :
_bExpresión e Imagen,
_c2004
300 _a407 páginas :
_bilustraciones ;
_c31 cm
336 _2rdacontent
_atexto
_btxt
337 _2rdamedia
_asin medio
_bn
338 _2rdacarrier
_avolumen
_bnc
650 7 _2armarc
_aTurismo
_zNayarit
_zMéxico
_xEconomía
700 _aHernández Ibarría, Carlos,
_ecoordinador
_912903
700 _aDíaz Garcilazo, Gabriel,
_eredactor
942 _2ddc
_cLI
_h338.47917234
_iN33
999 _c53900
_d53900